LIBRARY & INFORMATION CENTRE, KCAET, TAVANUR

ONLINE PUBLIC ACCESS CATALOGUE (OPAC)

Back ground of Englisn litreature classical to romantic and ather collected essays & address / (Record no. 12299)

MARC details
000 -LEADER
fixed length control field 00436cam a2200145ua 4500
041 ## - LANGUAGE CODE
Language code of text/sound track or separate title eng
082 ## - DEWEY DECIMAL CLASSIFICATION NUMBER
Classification number 823.09
Item number GRI/BC
100 ## - MAIN ENTRY--AUTHOR NAME
Personal name Grieson, Herbert .
245 ## - TITLE STATEMENT
Title Back ground of Englisn litreature classical to romantic and ather collected essays & address /
260 ## - PUBLICATION, DISTRIBUTION, ETC. (IMPRINT)
Place of publication London :
Name of publisher Chatto and Windus ,
Year of publication 1962.
300 ## - PHYSICAL DESCRIPTION
Number of Pages 290 ; .
942 ## - ADDED ENTRY ELEMENTS (KOHA)
Koha item type Books
Holdings
Withdrawn status Lost status Damaged status Home library Current library Date acquired Full call number Accession Number Koha item type
Withdrawn     KAUAET Sanskrit University 07/04/2012 823.09 11850 Books
free website counter